Finał Ligi Mistrzów 2018/2019 - składy - Statystyki

Ogólne statystyki
  • Ten quiz został rozwiązany 157 razy
  • Średni wynik to 24 z 30
Statystyki odpowiedzi
Pozycja Narodowość Numer Imię i nazwisko % Poprawnych
Pomocnik Korea Południowa 7 Son Heung-min
99%
Pomocnik Anglia 20 Dele Alli
97%
Bramkarz Francja 1 Hugo Lloris
97%
Napastnik Egipt 11 Mohamed Salah
97%
Napastnik Senegal 10 Sadio Mané
97%
Obrońca Anglia 66 Trent Alexander-Arnold
97%
Napastnik Anglia 10 Harry Kane
96%
Trener Niemcy # Jürgen Klopp
96%
Obrońca Holandia 4 Virgil van Dijk
96%
Napastnik Brazylia 9 Roberto Firmino
95%
Bramkarz Brazylia 13 Alisson
94%
Obrońca Szkocja 26 Andrew Robertson
93%
Pomocnik Dania 23 Christian Eriksen
89%
Pomocnik Anglia 14 Jordan Henderson
87%
Obrońca Kamerun 32 Joël Matip
86%
Pomocnik Brazylia 3 Fabinho
85%
Pomocnik Holandia 5 Georginio Wijnaldum
83%
Obrońca Belgia 5 Jan Vertonghen
82%
Rezerwowy Belgia 27 Divock Origi
75%
Trener Argentyna # Mauricio Pochettino
74%
Rezerwowy Anglia 7 James Milner
69%
Rezerwowy Brazylia 27 Lucas Moura
67%
Obrońca Belgia 4 Toby Alderweireld
60%
Pomocnik Francja 17 Moussa Sissoko
57%
Obrońca Anglia 2 Kieran Trippier
56%
Obrońca Anglia 3 Danny Rose
54%
Rezerwowy Hiszpania 18 Fernando Llorente
47%
Rezerwowy Anglia 15 Eric Dier
46%
Rezerwowy Anglia 12 Joe Gomez
45%
Pomocnik Anglia 8 Harry Winks
40%
Nie znaleziono quizów pasujących do podanych kryteriów
Rozkład punktacji
Procent ludzi z każdym wynikiem
Percentyl według liczby udzielonych odpowiedzi
Twoja historia wyników
Nie rozwiązałeś tego quizu